<?xml version="1.0" encoding="UTF-8"?>
<record
    xmlns:xsi="http://www.w3.org/2001/XMLSchema-instance"
    xsi:schemaLocation="http://www.loc.gov/MARC21/slim http://www.loc.gov/standards/marcxml/schema/MARC21slim.xsd"
    xmlns="http://www.loc.gov/MARC21/slim">

  <leader>02140nam a2200325 i 4500</leader>
  <controlfield tag="001">000020690</controlfield>
  <controlfield tag="003">DO-SdBNP</controlfield>
  <controlfield tag="005">20241126101235.0</controlfield>
  <controlfield tag="007">ta</controlfield>
  <controlfield tag="008">100812s2016                  000 0 spa d</controlfield>
  <datafield tag="020" ind1=" " ind2=" ">
    <subfield code="a">9789945586831</subfield>
  </datafield>
  <datafield tag="040" ind1=" " ind2=" ">
    <subfield code="a">DO-SdBNP</subfield>
    <subfield code="b">spa</subfield>
    <subfield code="c">BNPHU</subfield>
    <subfield code="e">rda</subfield>
  </datafield>
  <datafield tag="082" ind1=" " ind2=" ">
    <subfield code="a">xxx</subfield>
    <subfield code="b">H557v</subfield>
    <subfield code="2">22</subfield>
  </datafield>
  <datafield tag="100" ind1="1" ind2=" ">
    <subfield code="a">Hern&#xE1;ndez Figueroa, Alfredo Rafael</subfield>
    <subfield code="e">autor</subfield>
    <subfield code="9">6902</subfield>
  </datafield>
  <datafield tag="245" ind1="1" ind2="3">
    <subfield code="a">La vega en la historia dominicana /</subfield>
    <subfield code="c"> Alfredo Rafael Hern&#xE1;ndez Figueroa</subfield>
  </datafield>
  <datafield tag="264" ind1=" " ind2=" ">
    <subfield code="a">Santo Domingo : </subfield>
    <subfield code="b">Archivo General de la Naci&#xF3;n, </subfield>
    <subfield code="c">2016.</subfield>
  </datafield>
  <datafield tag="300" ind1=" " ind2=" ">
    <subfield code="a">2 v.olumen:</subfield>
    <subfield code="b">ilustraciones retratos. ; </subfield>
    <subfield code="c">23 cm. </subfield>
  </datafield>
  <datafield tag="336" ind1=" " ind2=" ">
    <subfield code="a">rdacontent</subfield>
    <subfield code="b">texto</subfield>
    <subfield code="2">txt</subfield>
  </datafield>
  <datafield tag="337" ind1=" " ind2=" ">
    <subfield code="a">rdamedia</subfield>
    <subfield code="b">sin mediaci&#xF3;n</subfield>
    <subfield code="2">n</subfield>
  </datafield>
  <datafield tag="338" ind1=" " ind2=" ">
    <subfield code="a">rdacarrier</subfield>
    <subfield code="b">volumen</subfield>
    <subfield code="2">nc</subfield>
  </datafield>
  <datafield tag="490" ind1=" " ind2=" ">
    <subfield code="a"> Archivo General de la Naci&#xF3;n ; </subfield>
    <subfield code="v">276</subfield>
  </datafield>
  <datafield tag="500" ind1=" " ind2=" ">
    <subfield code="a">Incluye referencias bibliogr&#xE1;ficas y notas al pie de las p&#xE1;ginas.</subfield>
  </datafield>
  <datafield tag="500" ind1=" " ind2=" ">
    <subfield code="a">Incluye datos biogr&#xE1;ficos del autor en las solapas.</subfield>
  </datafield>
  <datafield tag="505" ind1=" " ind2=" ">
    <subfield code="a">Presentaci&#xF3;n --</subfield>
    <subfield code="t">Introducci&#xF3;n -- </subfield>
    <subfield code="g">VOLUMEN I :</subfield>
    <subfield code="t">La sociedad vegana contempor&#xE1;nea --</subfield>
    <subfield code="t">Or&#xED;genes de la ciudad y provincia de La Vega.</subfield>
    <subfield code="t">Generalidades --</subfield>
    <subfield code="t">Periodo republicano, Primera Rep&#xFA;blica, anexi&#xF3;n y restauraci&#xF3;n, 1843-1865 --</subfield>
    <subfield code="t">Segunda rep&#xFA;blica, 1865-1916, sucesos desde la presidencia de Cabral hasta 1874 --</subfield>
    <subfield code="t">Segunda rep&#xFA;blica, desde 1874 hasta el gobierno de Luper&#xF3;n, 1880 --</subfield>
    <subfield code="t">Desde el gobierno de Luper&#xF3;n, 1880 hasta la revoluci&#xF3;n de Moya, 1886 --</subfield>
    <subfield code="t">Segunda rep&#xFA;blica, desde la Revoluci&#xF3;n de Moya, hasta la ca&#xED;da de Heureaux, 1899.</subfield>
    <subfield code="g">VOLUMEN II :</subfield>
    <subfield code="t">Desde la ca&#xED;a de Heureaux hasta la p&#xE9;rdida de la soberan&#xED;a, 1916 --</subfield>
    <subfield code="t"> Perdida  de la soberan&#xED;a: desde la Ocupaci&#xF3;n  Militar Norteamericana, 1916, hasta el gobierno de Horacio V&#xE1;squez, 1924 --</subfield>
    <subfield code="t">Tercera rep&#xFA;blica: desde la gesti&#xF3;n de Horacio V&#xE1;squez 1924, hasta la de Jacinto B. Peynado, 1938 --</subfield>
    <subfield code="t">Tercera Rep&#xFA;blica: desde la presidencia de Jacinto B. Peynado 1938, hasta la muerte de Trujillo 1961</subfield>
    <subfield code="t">Desde la muerte de Trujillo hasta 1989 --</subfield>
    <subfield code="t">Ap&#xE9;ndice 1990-2013 --</subfield>
  </datafield>
  <datafield tag="590" ind1=" " ind2=" ">
    <subfield code="a">Inventariado, 2020 /LP</subfield>
  </datafield>
  <datafield tag="700" ind1=" " ind2=" ">
    <subfield code="a">Gonz&#xE1;lez, Raymundo</subfield>
    <subfield code="e">presentaci&#xF3;n</subfield>
    <subfield code="9">6373</subfield>
  </datafield>
  <datafield tag="910" ind1=" " ind2=" ">
    <subfield code="a">LP</subfield>
  </datafield>
  <datafield tag="942" ind1=" " ind2=" ">
    <subfield code="2">ddc</subfield>
    <subfield code="c">LF1</subfield>
  </datafield>
  <datafield tag="952" ind1=" " ind2=" ">
    <subfield code="0">0</subfield>
    <subfield code="1">0</subfield>
    <subfield code="2">ddc</subfield>
    <subfield code="5">3</subfield>
    <subfield code="7">2</subfield>
    <subfield code="8">MO</subfield>
    <subfield code="a">PD</subfield>
    <subfield code="b">PD</subfield>
    <subfield code="c">OI</subfield>
    <subfield code="d">2020-03-17</subfield>
    <subfield code="e">Editora Centenario </subfield>
    <subfield code="i">LF1</subfield>
    <subfield code="l">0</subfield>
    <subfield code="o"> </subfield>
    <subfield code="p">20690-60</subfield>
    <subfield code="r">2020-06-25</subfield>
    <subfield code="t">v. 1</subfield>
    <subfield code="w">2020-06-25</subfield>
    <subfield code="y">1</subfield>
  </datafield>
  <datafield tag="952" ind1=" " ind2=" ">
    <subfield code="0">0</subfield>
    <subfield code="1">0</subfield>
    <subfield code="2">ddc</subfield>
    <subfield code="7">2</subfield>
    <subfield code="8">MO</subfield>
    <subfield code="a">PD</subfield>
    <subfield code="b">PD</subfield>
    <subfield code="c">OI</subfield>
    <subfield code="d">2020-03-17</subfield>
    <subfield code="e">Editora Centenario </subfield>
    <subfield code="i">LF1</subfield>
    <subfield code="l">0</subfield>
    <subfield code="o"> </subfield>
    <subfield code="p">20690-70</subfield>
    <subfield code="r">2020-06-25</subfield>
    <subfield code="t">v. 2</subfield>
    <subfield code="w">2020-06-25</subfield>
    <subfield code="y">1</subfield>
  </datafield>
  <datafield tag="952" ind1=" " ind2=" ">
    <subfield code="0">0</subfield>
    <subfield code="1">0</subfield>
    <subfield code="2">ddc</subfield>
    <subfield code="5">6</subfield>
    <subfield code="7">0</subfield>
    <subfield code="8">DS</subfield>
    <subfield code="a">BNPHU</subfield>
    <subfield code="b">BNPHU</subfield>
    <subfield code="c">CT</subfield>
    <subfield code="d">2024-11-20</subfield>
    <subfield code="e">Donado por la Presidencia de la Rep&#xFA;blica Dominicana 2023</subfield>
    <subfield code="l">0</subfield>
    <subfield code="o">BNPHU DS H557v</subfield>
    <subfield code="p">2024-6520</subfield>
    <subfield code="r">2024-11-20</subfield>
    <subfield code="t">e.3</subfield>
    <subfield code="w">2024-11-20</subfield>
    <subfield code="y">LF1</subfield>
    <subfield code="z">Pertenecio a la biblioteca personal de Emilio Cordero Michel</subfield>
  </datafield>
  <datafield tag="952" ind1=" " ind2=" ">
    <subfield code="0">0</subfield>
    <subfield code="1">0</subfield>
    <subfield code="2">ddc</subfield>
    <subfield code="5">6</subfield>
    <subfield code="7">0</subfield>
    <subfield code="8">DS</subfield>
    <subfield code="a">BNPHU</subfield>
    <subfield code="b">BNPHU</subfield>
    <subfield code="c">CT</subfield>
    <subfield code="d">2024-11-26</subfield>
    <subfield code="e">Donado por la Presidencia de la Rep&#xFA;blica Dominicana 2023</subfield>
    <subfield code="l">0</subfield>
    <subfield code="o">BNPHU DS H557v</subfield>
    <subfield code="p">2024-6699</subfield>
    <subfield code="r">2024-11-26</subfield>
    <subfield code="t">e.4</subfield>
    <subfield code="w">2024-11-26</subfield>
    <subfield code="y">LF1</subfield>
    <subfield code="z">Pertenecio a la biblioteca personal de Emilio Cordero Michel</subfield>
  </datafield>
  <datafield tag="956" ind1=" " ind2=" ">
    <subfield code="a">LOPEREZ</subfield>
  </datafield>
  <datafield tag="999" ind1=" " ind2=" ">
    <subfield code="c">20194</subfield>
    <subfield code="d">20194</subfield>
  </datafield>
</record>
